Autobuses eléctricos con trolley 'Trollebuses' / por F. Ferré Casamada y M. Fusté Dolsa
Descripción Física:
3 p. ; 32 cm
Otros Autores:
Fusté Dolsa, M.
Materias:
Autobusos
MARC
| LEADER | 00000nam a2200000Ia 4500 | ||
|---|---|---|---|
| 001 | 20308 | ||
| 008 | 160829s1927 xx 000 0 cat d | ||
| 080 | |a 4185, exp. 38, f. 39 | ||
| 100 | |a Ferré Casamada, F. |9 48373 | ||
| 245 | |a Autobuses eléctricos con trolley 'Trollebuses' / por F. Ferré Casamada y M. Fusté Dolsa | ||
| 260 | |a Barcelona : |b [s.n.], |c 1927 | ||
| 300 | |a 3 p. ; |c 32 cm | ||
| 590 | |a Separata: Técnica / Órgano de la Asociación de Ingenieros Industriales de Barcelona | ||
| 650 | |a Autobusos |9 48374 | ||
| 700 | |a Fusté Dolsa, M. |9 48371 | ||
| 901 | |a Arxiu | ||
| 942 | |n 1 | ||
| 952 | |0 0 |1 0 |4 0 |6 4185_EXP_38_F_39 |7 1 |9 54499 |a Arxiu |b Arxiu |d 2016-12-01 |l 0 |o 4185, exp. 38, f. 39 |p 20308 |r 2016-12-01 00:00:00 |w 2016-12-01 |y ARXIU | ||
| 999 | |c 58368 |d 58368 | ||